000 01192ngm a22004090a 4500
001 PT16380
003 AR-LpoUNG
005 20210202000204.0
007 vd cvaizq
008 191001s2003||||ag |||||||||||||||||fre d
037 _c$13.33
040 _aAR-LpoUNG
_bspa
_cAR-LpoUNG
_eaacr
041 _afre
_aspa
044 _aag
082 0 _a940.540 5 831tie
100 1 _aRossif, Frédéric
_edir.
245 1 4 _aLos tiempos del Ghetto
260 _aBuenos Aires :
_bBlackman,
_c2003.
300 _aVHS (80 min.) : son., byn
505 0 _aDialogos en francés. - Subtitulada en español
520 _aEl film muestra la historia verídica documental y testimonial realizada con material tomado subrepticiamente dentro del ghetto y acompañado por testimonios dramáticos de sobrevivientes.
650 4 _aANTISEMITISMO
650 4 _aCAMPOS DE CONCENTRACION
650 4 _aCRIMENES DE GUERRA
650 4 _aDISCRIMINACION RACIAL
650 4 _aGUERRA
650 4 _aJUDIOS
651 4 _aEuropa
653 _aDOCUMENTALES
653 _aGUETTOS
653 _aNAZISMO
653 _aRACISMO
653 _aVHS
653 _aVIDEOS
905 _a16380
942 _cVIDEO
999 _c54303
_d54303